| 000 | 00000nam##2200000za#4500 |
| 001 | 9.615637 |
| 003 | CaOODSP |
| 005 | 20210615101221 |
| 007 | ta |
| 008 | 150406|2000||||xxc||||| f|0| 0 eng|d |
| 020 | |a0-662-30946-4 |
| 040 | |aCaOODSP|beng |
| 043 | |an-cn--- |
| 086 | 1 |aNH18-22/100-115E |
| 110 | 2 |aCanada Mortgage and Housing Corporation. |
| 245 | 10|aBuilding envelope rehabilitation consultant guide and owner/propertymanager guide |
| 260 | |aOttawa - Ontario : |bCanada Mortgage and Housing Corporation |c2000. |
| 300 | |a4p. : |bfigs. ; |c28 cm. |
| 490 | 1 |aResearch highlight. Technical series |v100-115 |
| 563 | |aPamphlet |
| 590 | |a01-31|b2001-08-03 |
| 690 | 07|aAssessment|2gcpds |
| 690 | 07|aConstruction industry|2gcpds |
| 690 | 07|aBuildings|2gcpds |
| 690 | 07|aResearch|2gcpds |
| 776 | 0#|tBuilding envelope rehabilitation consultant guide and owner/property manager guide |w(CaOODSP)9.572279 |
| 830 | #0|aResearch highlight. Technical series ;|v100-115|w(CaOODSP)9.514826 |
| 986 | |aNHA 2266 |